Japanese agriculture and the direction of it's development (Record no. 430188)

000 -LEADER
fixed length control field 00385cam a22001217a 4500
008 - FIXED-LENGTH DATA ELEMENTS--GENERAL INFORMATION
fixed length control field 180718b1961 xxu||||| |||| 00| 0 eng d
082 ## - DEWEY DECIMAL CLASSIFICATION NUMBER
Classification number Zx52 Ot7i
100 ## - MAIN ENTRY--PERSONAL NAME
Personal name Otsuki, Masao
245 ## - TITLE STATEMENT
Title Japanese agriculture and the direction of it's development
Statement of responsibility, etc. by Masao Otsuki
260 ## - PUBLICATION, DISTRIBUTION, ETC.
Place of publication, distribution, etc. Tokyo
Name of publisher, distributor, etc. National Research Institute of Agriculture
Date of publication, distribution, etc. 1961
300 ## - PHYSICAL DESCRIPTION
Extent 80p
650 ## - SUBJECT ADDED ENTRY--TOPICAL TERM
Topical term or geographic name entry element Agriculture --Japan
Holdings
Withdrawn status Lost status Damaged status Not for loan Permanent Location Current Location Date acquired Full call number Barcode Date last seen Price effective from Koha item type
        Indian Institute of Public Administration Indian Institute of Public Administration 2010-01-07 Zx52 Ot7i 31988 2018-07-21 2018-07-21 Book

Powered by Koha